ბათუმის შოთა რუსთაველის სახელმწიფო უნივერსიტეტის ბიბლიოთეკა

Эллинистическая цивилизация / (ბიბ.ჩანაწერი № 61002)

000 -LEADER
fixed length control field 00678nam a22001697a 4500
005 - DATE AND TIME OF LATEST TRANSACTION
control field 20231205154020.0
008 - FIXED-LENGTH DATA ELEMENTS--GENERAL INFORMATION
fixed length control field 231205s1949 ru ||||| |||| 00| 0 rus d
041 ## - LANGUAGE CODE
Language code of text/sound track or separate title rus
080 ## - UNIVERSAL DECIMAL CLASSIFICATION NUMBER
Universal Decimal Classification number 94(37/38) Т-21
100 ## - MAIN ENTRY--PERSONAL NAME
Personal name Тарн, В.
9 (RLIN) 20589
245 ## - TITLE STATEMENT
Title Эллинистическая цивилизация /
Statement of responsibility, etc. В.Тарн.; Пер. с англ. С. А. Лясковского.
264 ## - PRODUCTION, PUBLICATION, DISTRIBUTION, MANUFACTURE, AND COPYRIGHT NOTICE
Place of production, publication, distribution, manufacture М. :
Name of producer, publisher, distributor, manufacturer Изд-во иностр. лит.
Date of production, publication, distribution, manufacture, or copyright notice 1949.
300 ## - PHYSICAL DESCRIPTION
Extent 372 с. ;
Other physical details 20 см.
653 ## - INDEX TERM--UNCONTROLLED
keyword ანტიკური სამყაროს ისტორია
700 ## - ADDED ENTRY--PERSONAL NAME
Personal name Лясковский, С. А.
Relator term მთარგმნელი
9 (RLIN) 20590
942 ## - ADDED ENTRY ELEMENTS (KOHA)
Source of classification or shelving scheme
Koha item type წიგნი
ეგზემპლარები
Withdrawn status Lost status Source of classification or shelving scheme Damaged status Not for loan Permanent Location Current Location Shelving location Date acquired Cost, normal purchase price Full call number Barcode Date last seen Copy number Uniform Resource Identifier Price effective from Koha item type Public note
          ბათუმის შოთა რუსთაველის სახელმწიფო უნივერსიტეტის მთავარი ბიბლიოთეკა ბათუმის შოთა რუსთაველის სახელმწიფო უნივერსიტეტის მთავარი ბიბლიოთეკა წიგნსაცავი 2023-12-05 7.00 94(37/38) Т-21 65538 2023-12-05 65538 ბსუ-ს საპატიო დოქტორის გურამ ლორთქიფანიძის საჩუქარი 2023-12-05 წიგნი 7 ლ.